00000000nam 2200000zi 4500
0019.867807
003CaOODSP
00520221107162418
006m     o  d f      
007cr |||||||||||
008190130t19701970onc    |o||||f000 0|eng d
040 |aCaOODSP|beng|erda|cCaOODSP
041 |aeng|afre
043 |an-cn---
0861 |aC67-370/1970-PDF|zC67-370
1101 |aCanada. |bIndustry, Trade and Commerce.
24510|aWhite paper on metric conversion in Canada = |bLivre blanc sur la conversion au système métric au Canada.
24611|aLivre blanc sur la conversion au système métric au Canada
264 1|a[Ottawa] : |bGovernment of Canada, Honourable Jean-Luc Pepin, Minister of Industry, Trade and Commerce = Gouvernement du Canada, L'honorable Jean-Luc Pepin, Ministre de l'industrie et du Commerce,|c1970.
264 4|c©1970
300 |a1 online resource (22 pages)
336 |atext|btxt|2rdacontent
337 |acomputer|bc|2rdamedia
338 |aonline resource|bcr|2rdacarrier
500 |a"January 1970."
500 |aDigitized edition from print.
504 |aIncludes bibliographic references.
520 |a"In this White Paper the Government of Canada sets out a proposed general policy concerning metric conversion in Canada—a matter of concern to all Canadian individuals and organizations and all levels of government"--Introduction, page 5.
546 |aText in English and in French in parallel columns.
69207|2gccst|aMetric system
7001 |aPepin, Jean-Luc,|d1924-1995.
7101 |aCanada. |bDepartment of Industry, Trade and Commerce.
792 |tWhite paper on metric conversion in Canada = |efre|w(CaOODSP)9.867812
85640|qPDF|uhttps://publications.gc.ca/collections/collection_2019/isde-ised/C67-370-1970.pdf|s1.06 MB